| 000 | 00902ncm a2200277 a 4500 | ||
|---|---|---|---|
| 999 |
_c370751 _d370751 |
||
| 003 | BLK | ||
| 005 | 20230802005141.0 | ||
| 008 | 180414b bul |a|er|||| |0| c|bulo| | ||
| 010 | _aNOT00002119000 | ||
| 040 | _aBLK | ||
| 041 |
_aBUL _cBUL |
||
| 080 |
_aВокална музика _b784 _x784 |
||
| 139 |
_aВладигеров, Панчо _bВ 68 |
||
| 245 | 1 | 0 |
_aСолови песни _cПанчо Владигеров _nт. 1. Песни за висок глас |
| 257 | _aRUS | ||
| 260 |
_bМузика _c1984 _9209430 _aСофия _n978-954-405- |
||
| 300 |
_a160 с. _c30 см |
||
| 380 | _a7 | ||
| 650 | 7 |
_aВокални произведения _9151227 |
|
| 653 | 7 |
_aвисок глас _9183324 |
|
| 852 |
_aЦб М ІІ 9669 _p0 |
||
| 856 | 4 |
_qpdf _u |
|
| 942 |
_cNOT _n0 _s1 |
||
| 944 |
_aCR _c2020-06-24 _k _lCRON CRON |
||
| 999 | _d355473 | ||